Fiskální podpora ekologických investic

Možné daňové stimuly environmentálnych investícií. Systém investícií zelených do zelených fondov. Systémy VAMIL a MIA. Systém EIA. Federálne a daňové úľavy v USA. Situácia v Belgicku.

Guardado en:
Detalles Bibliográficos
Autor principal: Vítek, Leoš
Otros Autores: Pavel, Jan
Formato: Capítulo de libro
Lenguaje:checo
Materias:
Etiquetas: Agregar Etiqueta
Sin Etiquetas, Sea el primero en etiquetar este registro!

MARC

LEADER 00000naa$a2200000$$$4500
001 0113354
005 20231116102950.5
041 0 |a cze 
044 |a SK 
245 1 0 |a Fiskální podpora ekologických investic  |c Leoš Vítek, Jan Pavel 
520 |a Možné daňové stimuly environmentálnych investícií. Systém investícií zelených do zelených fondov. Systémy VAMIL a MIA. Systém EIA. Federálne a daňové úľavy v USA. Situácia v Belgicku. 
610 2 0 |a investície ekologické 
610 2 0 |a dane ekologické 
610 2 0 |a úľavy daňové 
610 2 0 |a ochrana prostredia životného 
610 2 0 |a USA 
610 2 0 |a Belgicko 
610 2 0 |a Holandsko 
100 1 |a Vítek, Leoš 
700 1 |a Pavel, Jan